[Event "Kavala op 14th"]
[Site "Kavala"]
[Date "2005.08.18"]
[Round "8"]
[White "Atalik, Suat"]
[Black "Banikas, Hristos"]
[Result "1/2-1/2"]
[WhiteElo "2561"]
[BlackElo "2548"]
[Annotator "Atalik,S"]
[PlyCount "57"]
[EventDate "2005.08.12"]
[EventType "swiss"]
[EventRounds "9"]
[EventCountry "GRE"]
[SourceTitle "CBM 107 Extra"]
[Source "ChessBase"]
[SourceDate "2005.09.01"]
[SourceVersion "1"]
[SourceVersionDate "2005.09.01"]
[SourceQuality "1"]

1. d4 d5 2. c4 e6 3. Nc3 Nf6 4. Bg5 Nbd7 5. e3 c6 6. a3 $5 {This interesting
move does not allow the Cambridge Springs Defence.} Be7 7. Nf3 (7. Qc2 e5 $1 8.
dxe5 Nxe5 9. Bxf6 Bxf6 10. cxd5 cxd5 11. Bb5+ Nc6 12. Rd1 O-O 13. Nge2 Be6 $1
14. O-O $14) 7... O-O 8. Rc1 (8. Qc2 {is another line.}) 8... h6 9. Bh4 Ne4 10.
Bxe7 Qxe7 11. Qc2 (11. Nxe4 $6 dxe4 12. Nd2 f5 13. c5 e5 14. Nc4 exd4 15. exd4
Nf6 $17) 11... Ng5 $6 {Black breaks the rules.} (11... Nxc3 12. Qxc3 dxc4 13.
Bxc4 b6 14. O-O Bb7 15. Rfd1 (15. e4 $2 c5 16. d5 exd5 17. exd5 Nf6 18. Rfe1
Qd6 $17) 15... c5 16. d5 exd5 17. Bxd5 Bxd5 18. Rxd5 Nf6 $11) 12. Nd2 (12. Nh4
$142 $1 {may have prevented black from playing f5.} Ne4 $140 13. Nxe4 Qxh4 14.
Nd6 $14) 12... f5 (12... e5 13. dxe5) 13. Be2 f4 $5 {Very brave!} 14. O-O fxe3
15. fxe3 Rxf1+ 16. Rxf1 Nf6 17. e4 (17. h4 Nf7 18. Qg6 e5 19. cxd5 cxd5 20. Bd3
Be6 $13) 17... e5 $8 {After this it is obvious that white has to play very
accurate to keep his advantage.} 18. dxe5 Qxe5 19. cxd5 cxd5 20. exd5 (20. Nf3
Nxf3+ 21. Bxf3 d4 22. Nd5 Nxd5 (22... Be6 $2 23. Qc7 $1 $18) 23. Qc4 $14) 20...
Bg4 $1 $44 21. Nf3 Qe3+ 22. Kh1 Re8 23. d6 $1 Nxf3 24. Bxf3 (24. gxf3 Be6 $44)
24... Bxf3 25. gxf3 Rd8 26. Qb3+ Kh7 27. Qxb7 Rxd6 $11 {Black has equalized by
very interesting play since the extra pawn makes no difference.} 28. Qb5 (28.
Ne4 Qd3 $11) (28. Rg1 Rd7 29. Qc6 Rd2 30. Qb7 Nh5 31. b4 $11) 28... Rd2 29.
Qf5+ {After this the game peters out to be a draw.} (29. Qf5+ Kh8 30. Ne4 $1 (
30. Qc8+ Ng8) 30... Nxe4 (30... Qd3 $2 31. Qc8+) 31. Qxe4 (31. fxe4 $11) 31...
Qxe4 32. fxe4 Rxb2 33. Rf7 Re2 34. Rxa7 Rxe4 $11) 1/2-1/2

[Event "SLO-chT 10th"]
[Site "Bled"]
[Date "2000.10.18"]
[Round "5"]
[White "Farago, Ivan"]
[Black "Atalik, Suat"]
[Result "1/2-1/2"]
[WhiteElo "2486"]
[BlackElo "2549"]
[Annotator "Atalik,S"]
[PlyCount "55"]
[EventDate "2000.10.14"]
[EventType "team-tourn"]
[EventRounds "7"]
[EventCountry "SLO"]
[SourceTitle "EXT 2001"]
[Source "ChessBase"]
[SourceDate "2000.11.22"]
[SourceVersion "1"]
[SourceVersionDate "2000.11.22"]
[SourceQuality "1"]
[WhiteTeam "Ljubljana LSK"]
[BlackTeam "Ptuj"]
[WhiteTeamCountry "SVK"]
[BlackTeamCountry "SLO"]

1. d4 Nf6 2. c4 e6 3. Nf3 d5 4. Nc3 Nbd7 5. Bg5 h6 6. Bh4 Be7 7. e3 O-O 8. Rc1
Re8 9. a3 $5 a6 (9... dxc4 10. Bxc4 a6 11. O-O c5 $13) 10. c5 c6 11. b4 (11.
Be2 e5 12. O-O Ne4 13. Bxe7 Qxe7 14. Nxe4 (14. b4 a5 15. Nxe4 dxe4 16. Nd2 exd4
17. exd4 axb4 18. axb4 b5 $1 $11) 14... dxe4 15. Nd2 exd4 16. exd4 Nf6 17. Nc4
Rd8 18. Re1 Be6 19. Nd6 b5 $11) (11. Bg3 Nh5 (11... b6 $6 12. cxb6 Nxb6 13. Ne5
Bb7 14. Na2 $14)) 11... a5 $8 (11... e5 $2 12. dxe5 Nh7 13. Bg3 $16) 12. Be2
axb4 13. axb4 b6 14. O-O (14. b5 Bb7 $11) 14... bxc5 15. bxc5 Ba6 (15... e5 $6
16. dxe5 Nh7 17. Bxe7 Qxe7 18. e4 dxe4 19. Nxe4 Nxe5 20. Nd6) 16. h3 $1 Qa5 (
16... Bxe2 17. Qxe2 Ne4 (17... e5 18. Qc2 $14 (18. dxe5 $6 Ne4 19. e6 Nxc3 20.
Rxc3 fxe6 21. Bxe7 Qxe7)) 18. Bxe7 Nxc3 19. Rxc3 Qxe7 $11) (16... e5 $6 17.
Bxa6 Rxa6 18. dxe5 Ne4 19. Nxe4 dxe4 20. e6 fxe6 21. Bxe7 Qxe7 22. Nd4 $14) (
16... Qc8 $1 17. Ra1 Bd8 18. Bxa6 Rxa6 19. Qd3 Ba5 20. Bxf6 Nxf6 21. Ne5 Re7
$36) 17. Bg3 Rec8 (17... Bxe2 18. Qxe2 Ra7 19. e4 dxe4 20. Nxe4 Qa6 $11) 18.
Ra1 Bxe2 19. Nxe2 Qd8 (19... Qb4 $5 20. Qb1 Qxb1 21. Rfxb1 Bd8 $132) 20. Nc3
Rxa1 21. Qxa1 Ne4 $2 (21... Ra8 22. Qb2 Qc8 23. Rb1 Bd8 $1 $11) 22. Nxe4 dxe4
23. Nd2 $4 {Mutual blunders kept the game equal.} (23. Ne5 $1 Nxe5 (23... Bf6
24. Nxd7 Qxd7 25. Bd6) 24. Bxe5 f6 (24... Ra8 25. Qb1 Qd5 26. Qb7 Re8 27. Ra1
$18) 25. Bg3 Ra8 26. Qb1 Qd5 27. Qb7 Re8 28. Ra1 e5 29. Ra6 (29. dxe5 $6 fxe5
30. Ra6 Bxc5 31. Qxc6 Qxc6 32. Rxc6 Bf8 $16) 29... exd4 30. exd4 Qxd4 31. Qxc6
Kf8 32. Ra8 Rxa8 33. Qxa8+ Kf7 34. c6 Bd6 (34... Qd5 35. Qa4 Qe6 36. c7 e3 37.
fxe3 Bc5 38. Kh2 $18) 35. Qb7+ Kg6 36. Qd7 e3 37. Qxd6 $18) 23... Nxc5 24. Qa2
(24. Qd1 Nd7 (24... Qd5 $4 25. dxc5 Rd8 26. Bc7 Rd7 27. Ba5 $18) 25. Nxe4 c5
$11) 24... Ra8 25. Qb1 $1 (25. Qc4 Qa5 (25... Ra4 26. Qc3 (26. Qc2 Qd5)) 26.
Qe2 Nd7 27. Nxe4 c5 $11) 25... Na4 $5 (25... Qd5 26. dxc5 Qxd2 27. Qb7 Qd8 28.
Bd6 $1 Bxd6 29. cxd6 (29. Rd1 $4 Rb8 30. Qa7 Qc7 $17) 29... Rb8 30. Qxc6 (30.
Qe7 $2 Qxe7 31. dxe7 Re8) 30... Rb6 31. Qxe4 Rxd6 $11) 26. Qxe4 (26. Nxe4 c5
27. dxc5 (27. Rd1 c4) 27... Nxc5 28. Rd1 Qa5 $11) 26... c5 27. dxc5 (27. Bc7
Qe8) 27... Nxc5 28. Qc2 $11 1/2-1/2

[Event "Paracin Summer op-A 10th"]
[Site "Paracin"]
[Date "2017.07.08"]
[Round "2"]
[White "Dimic, Pavle"]
[Black "Atalik, Suat"]
[Result "0-1"]
[WhiteElo "2351"]
[BlackElo "2525"]
[Annotator "Atalik,S"]
[PlyCount "102"]
[EventDate "2017.07.07"]
[EventType "swiss"]
[EventRounds "9"]
[EventCountry "SRB"]
[SourceTitle "CBM 180"]
[Source "ChessBase"]
[SourceDate "2017.09.13"]
[SourceVersion "1"]
[SourceVersionDate "2017.09.13"]
[SourceQuality "1"]

1. d4 Nf6 2. Nf3 d5 3. c4 e6 4. Nc3 Be7 5. Bg5 h6 6. Bh4 O-O 7. e3 Nbd7 $5 {
My preference of the day rather than the Tartakower.} 8. Rc1 (8. Qc2 c5 9. cxd5
Nxd5 10. Bxe7 Nxe7 $5) 8... c5 9. cxd5 ({White could force an isolani with} 9.
dxc5 $1 Nxc5 10. cxd5 g5 11. Bg3 Nxd5 12. Nxd5 Qxd5 13. Qxd5 exd5 14. Be2 (14.
Be5 Bf5 15. Be2 Rac8 16. O-O Bd3 $132) 14... Bd7 15. O-O Rac8 16. Be5 (16. Rfd1
Ne4) {after which my choice is} 16... Ne4 $146 (16... f6 17. Bd4 Kf7 18. Rfd1
b6) (16... g4 17. Nd4 f6 18. Bg3 h5) 17. Bd4 a6 $14) 9... Nxd5 10. Bxe7 Nxe7
11. Be2 (11. Bb5 cxd4 12. Qxd4 a6 13. Be2 Nc6 $11) 11... b6 12. O-O Bb7 13.
dxc5 ({Years ago in a similar position Serper played} 13. Qa4 $5 Nd5 $5 14.
Rfd1 Qe7 $11) 13... Nxc5 14. Qc2 (14. Nd4 Nf5 $5 15. Nxf5 exf5 $11 {has been
played by the new practicioner of this tabya Volodya Kramnik.}) 14... Nd5 15.
Rfd1 Qe7 $146 (15... Qf6 {was by Tartakower against a Turk!}) 16. Nxd5 Bxd5 17.
Nd2 Qb7 (17... a5 $5 18. Nc4 Qc7) 18. Bf3 Bxf3 (18... Rfd8 19. e4 Bc6 20. b4
Ba4) 19. Nxf3 Rac8 20. h3 Ne4 (20... a5 $5) 21. Qd3 {The game should peter out
to a draw. My opponent, the current Serbian junior champion, even offered to
share the point but...} Nf6 $5 (21... Nc5 $11) (21... Rc5 22. Rxc5 Nxc5 23. Qd4
Rc8 $11) 22. Ne5 Rc7 23. Rxc7 Qxc7 24. Nd7 $6 ({I had calculated the sharp} 24.
Qd6 Rc8 25. Qxc7 Rxc7 26. Rd8+ Kh7 27. Rf8 Rc1+ $5 ({if Black wants} 27... Nd7
28. Nxd7 Rxd7 $11 {he may settle for the absolute equality in this line.}) 28.
Kh2 Rc2 29. Rxf7 Rxb2 30. Rxa7 Rxf2 31. Ng4 $1 Nxg4+ 32. hxg4 $11 {or White
forces it!}) 24... Nxd7 25. Qxd7 Qc2 26. Qd2 Rc8 $36 {Black has at least
something to play for.} 27. Qxc2 $6 {To bring an imbalance into the pawn
structure in a rook Ending is something I find dangerous. I would have kept
both major pieces on the board to feel safe.} (27. b4 $1 $11) 27... Rxc2 28.
Rd8+ Kh7 29. Rd7 a5 30. Rxf7 Rxb2 31. a4 Kg6 32. Rb7 h5 33. g3 (33. g4 $5 h4 (
33... hxg4 34. hxg4 Rb4 35. Kf1 $11) 34. Kg2 Kf6 35. Kf3 g5 36. Rb8 Rb4 37. Rb7
e5 38. e4 b5 $1 39. axb5 a4 40. b6 Ke6 41. Ra7 Kd6 $11 {with some chances.})
33... e5 {Black has to push all the pawns up before breaking into the other
flank with his king.} (33... Kf6 $6 34. h4 Rb4 35. Kg2 Ke5 36. Rxg7 Rxa4 37.
Rg5+ $18) 34. Kg2 e4 35. g4 (35. h4 $5) 35... hxg4 (35... h4 $5) 36. hxg4 Kf6
37. Kg3 Rb4 38. Kf4 ({Exchanging as many pawns as possible is usually a good
strategy for the defending side.} 38. f3 exf3 39. Kxf3 g6 40. Rd7 Ke5 (40...
Kg5 41. Rd4) 41. Rg7 Rxa4 42. Rxg6 Rb4 43. Rg8 a4 44. Re8+ Kf6 45. Rf8+ Kg7 46.
Ra8 b5 47. e4 Rb3+ 48. Kf4 a3 49. Ra7+ $11) 38... g5+ 39. Kg3 Ke6 40. Rg7 Kd6
41. Rg6+ (41. Rxg5 Rxa4 42. Rg8 (42. Rb5 $2 Rb4) 42... b5 43. g5 Ra1 44. Kg2 $1
b4 45. Rb8 $11 {as Graf pointed out to me years ago, it is always difficult to
escort connected passers in a rook ending!}) 41... Kc7 42. Rxg5 Rxa4 43. Re5
Kd6 44. Re8 Ra1 45. Rxe4 $2 (45. g5 Rg1+ 46. Kf4 a4 47. Ra8 b5 48. Kxe4 Rxg5
49. f4 $11) 45... b5 $19 {However now with White's rook awkwardly placed, my 2
passers roll faster than White's ones which are not only further back but also
at least one of them could be tackled by Black's ideally placed rook.} 46. g5 (
46. Re8 Kc7 $5) 46... Rg1+ $1 {Keeping the most advanced pawn under control.}
47. Kf4 b4 48. Kf5 (48. Re5 $2 Rg4+) 48... b3 {Now the pawns are too fast to
catch.} 49. Rd4+ Kc5 50. Rd2 a4 51. g6 a3 0-1

[Event "TUR-chT"]
[Site "Kocaeli"]
[Date "2008.06.26"]
[Round "5"]
[White "Citak, Selim"]
[Black "Atalik, Suat"]
[Result "0-1"]
[WhiteElo "2323"]
[BlackElo "2592"]
[Annotator "Atalik,S"]
[PlyCount "120"]
[EventDate "2008.06.24"]
[EventType "team"]
[EventRounds "15"]
[EventCountry "TUR"]
[SourceTitle "CBM 125"]
[Source "ChessBase"]
[SourceDate "2008.07.30"]
[SourceVersion "1"]
[SourceVersionDate "2008.07.30"]
[SourceQuality "1"]

1. d4 d5 2. c4 e6 3. Nc3 Nf6 {It is not every day that I go for the Classical
Karlsbad with Black.} 4. Bg5 Be7 5. e3 h6 6. Bh4 O-O 7. Rc1 $5 Nbd7 (7... dxc4
8. Bxc4 c5 9. dxc5 Qxd1+ 10. Kxd1 Bxc5 11. Nf3 Nc6 12. Ke2 Bd7 13. Rhd1 Rfd8
$14 {does not look very attractive.}) 8. Nf3 Re8 $5 {An old and forgotten line
from Odessa players.} 9. Bd3 (9. Qc2 a6 10. cxd5 exd5 11. Bd3 c6 12. Bg3 $1 {
gives White some edge.} Nb6 13. O-O Be6 $14) 9... dxc4 10. Bxc4 a6 11. a4 {
This is believed to be compulsory.} c5 12. O-O cxd4 13. exd4 $5 {The most
principled continuation.} Nb6 14. Bb3 Bd7 15. Ne5 (15. a5 Nbd5 16. Nxd5 Nxd5
17. Bxd5 exd5 18. Bxe7 Rxe7 19. Qd2 b6 $5 $11) 15... Bc6 {One of the stem
positions for this opening. Rc1 does not help White much.} 16. Bc2 $146 {
Obviously he tries to give me a checkmate using the Turton theme.} (16. Nxc6
bxc6 17. a5 $140 $6 Nbd5 18. Nxd5 cxd5 $17) 16... Nbd5 17. Nxd5 (17. Bxf6 Nxf6)
17... Qxd5 $6 {I was not happy about my choice.} (17... Bxd5 18. Re1 Nd7 19.
Bxe7 Qxe7 20. Qd3 g6 21. Bb3 Nxe5 22. dxe5 Red8 $15) 18. Nxc6 bxc6 19. Re1 (19.
Qd3 Red8 20. Rfd1 Rab8 21. b3 a5 22. Bg3 Bd6 $11) (19. Bg3 Red8 20. Be5 a5 $11)
19... Red8 20. Bxf6 $6 ({I was anticipating} 20. Be4 {more.} Nxe4 21. Bxe7 Rd7
$11) 20... Bxf6 21. Be4 Qxd4 22. Qxd4 Bxd4 $6 (22... Rxd4 $142 23. Rxc6 Rad8
24. Bc2 a5 $15) 23. b4 Rab8 24. Rc4 Ba7 25. Bxc6 $2 {The game sails along with
some small mistakes.} (25. Kf1 Rd4 26. Rxc6 Rdxb4 27. Rxa6 Bd4 $11) 25... Rd2
26. Rf1 a5 27. b5 $2 {He had to go for liquidation.} (27. Bb5 axb4 28. Rxb4
Rbd8 29. a5 Ra2 30. a6 Rdd2 31. Bc4 $1 $132) 27... Rbd8 28. Bf3 $5 {The best
chance to swindle.} (28. g3 $2 R8d4 $17) 28... g5 $2 ({I relied on him and
played my move without appropriate calculation.} 28... Rxf2 $1 29. Rxf2 Rd2 30.
Rc8+ Kh7 31. Rc7 Bxf2+ (31... Bd4 32. Rxf7 Rxf2 33. Be4+ Rf5+ 34. Kh1 Kg8 $11)
32. Kf1 Kg6 33. Rc2 Rxc2 34. Be4+ Kf6 35. Bxc2 Bb6 $19) 29. Rc7 Bb6 30. Rc6 (
30. Rb7 {is more tactical and achieves a draw on the spot.} R8d6 31. Bh5 f5 32.
Rc1 Bxf2+ 33. Kf1 Bb6 34. Rc6 Bd8 35. h3 $11) 30... Rb8 31. g3 Kg7 32. Rc4 $2 {
A very unnecessary move.} (32. Kg2 Kf6 33. h3 Ke7 34. g4 Ra2 35. Bd1 $11) 32...
f5 $1 {Now at least the centre moves forward.} 33. Rc6 g4 34. Bd1 e5 {No rook
ending yet!} (34... Bxf2+ $2 35. Rxf2 Rxd1+ 36. Kg2 $11) 35. Bc2 $2 {Another
bad one losing a tempo for no reason at all.} (35. Bb3 e4 36. Be6 Kf6 37. Bb3+
Kg7 38. Be6 $11) 35... e4 36. Bb3 Bd4 37. Rc7+ Kf6 38. Rc6+ Kg5 39. Bf7 Rb6 40.
Rc8 h5 41. Rg8+ Kh6 42. Ra8 Rf6 43. Bd5 $2 $138 {A seemingly tricky move in
time trouble.} (43. Ra6 $1 Kg5 44. Be8 h4 $17) 43... e3 44. Rh8+ Kg7 (44... Kg5
45. Rg8+ Rg6 46. Rxg6+ Kxg6 $19) 45. Rg8+ Kh7 46. Re8 Rxf2 $2 $138 {A bad
exchange allowing White to consolidate again.} (46... e2 47. Re1 Bc3 $1 48. Bb3
Rb2 49. R1xe2 Rxb3 50. R2e7+ Kh6 51. Rh8+ Kg5 52. Reh7 Kg6 $1 $19 {was simple
and effective.}) 47. Rxf2 exf2+ 48. Kg2 Rd6 49. Bc4 Kg7 50. Re6 $5 {This is a
decision I personally can never come up with. It is almost impossible to
foresee that it is a draw. And although actually it is, still it is difficult
to keep it up.} (50. Rg8+ Kh6) (50. Bf1 Bb6 51. Rb8 $17 {and it is not that
easy to make progress.}) 50... Rxe6 51. Bxe6 Kf6 52. Bc4 Kg5 (52... Bb6 53. h3
gxh3+ 54. Kxh3 Kg5 55. Be2 f4 56. Kg2 fxg3 57. Kxg3 Kf5 58. Kg2 $1 {with the
pawn on h4 the ending is a draw.} (58. Kf3 $2 Ke5 59. Bf1 Kd5 60. Be2 h4 61.
Bf1 h3 62. Bxh3 (62. Kg3 h2 63. Kxh2 Kc5 $19) 62... Kc4 63. Ke2 Kb4 64. Kd3
Kxa4 $19) 58... h4 59. Kf3 Ke6 60. Bf1 Kd5 61. Be2 $11 {Black can not progress
since landing on b4 is impossible keeping all the pawns on the board.}) 53. h3
(53. b6 $2 Bxb6 54. h3 gxh3+ 55. Kxh3 f4 56. gxf4+ Kxf4 57. Kg2 Ke3 58. Bb5 h4
59. Bc4 Kd2 60. Kf1 (60. Bb5 Ke1 $19) 60... h3 61. Bd5 h2 62. Bc6 Kc3 63. Ke2
Kb4 $19) 53... gxh3+ 54. Kxh3 f4 55. gxf4+ $2 {He falters!} (55. Be2 Bb6 56.
Kg2 fxg3 57. Kxg3 Kf5 58. Kg2 h4 59. Kf3 $1 $11 {as has been analysed above.})
55... Kxf4 56. Kg2 Bb6 $19 57. Bf7 h4 58. Bc4 Ke3 59. Kh3 Kd2 60. Kxh4 Kc3 ({
Even} 60... Ke1 {wins!} 61. Kg4 f1=Q 62. Bxf1 Kxf1 63. Kf5 Ke2 64. Ke4 Kd2 65.
Kd5 Kc3 66. Kc6 Bd8 67. b6 Bxb6 68. Kxb6 Kb4 $19) 0-1

[Event "USA-ch fin"]
[Site "Salt Lake City"]
[Date "1999.09.07"]
[Round "1"]
[White "Serper, Grigory"]
[Black "Gulko, Boris F"]
[Result "0-1"]
[WhiteElo "2540"]
[BlackElo "2618"]
[Annotator "Atlas,V"]
[PlyCount "66"]
[EventDate "1999.09.07"]
[EventType "match"]
[EventRounds "1"]
[EventCountry "USA"]
[SourceTitle "CBM 073"]
[Source "ChessBase"]
[SourceDate "1999.12.01"]
[SourceVersion "1"]
[SourceVersionDate "1999.12.01"]
[SourceQuality "1"]

1. d4 Nf6 2. c4 e6 3. Nf3 b6 4. Nc3 Bb7 5. a3 d5 6. Bg5 Be7 7. e3 Nbd7 8. Rc1 (
8. cxd5 Nxd5 9. Bxe7 Qxe7 10. Nxd5 Bxd5 11. Rc1 Qd6 12. Qc2 c5 13. e4 {
Vaganian,R-Farago,I/Graz 1973/Inf 15 1-0 (43)}) 8... dxc4 (8... O-O {Csiszar,
C-Tolnai,T/Zalakaros op 1995 0-1 (35)}) 9. Bxc4 O-O 10. O-O h6 11. Bh4 c5 12.
dxc5 Nxc5 13. Qe2 a6 14. Rfd1 Qe8 {White's pieces are placed better, and this
factor determines his slight advantage. However, Black's setup is flexible
enough, so that his counterplay may become quite dangerous.} (14... Qc7 15. b4
Ncd7 (15... Bxf3 16. gxf3 $5 Ncd7 17. Bxa6 Qa7 18. Bb5) 16. Bg3 Bxf3 (16... Qc6
17. Bb3 Rfc8 18. Nd5 Qxc1 19. Nxe7+ Kf8 20. Bd6 Qxa3 (20... Ke8 21. Nxc8 Qxc8
22. Ne5 $5) 21. Nxc8+ Ke8 22. Nxb6 Nxb6) 17. Bxc7 Bxe2 18. Bxe2 a5 19. Bf3 Rac8
20. Na2 (20. Nb5 axb4 21. Bc6 Nb8 22. Bb7 bxa3 23. Bxc8 Rxc8 $44) 20... axb4
21. Nxb4 Bc5 22. Bg3 e5 23. Bc6 $14) 15. Ne5 $14 Ncd7 16. Nxd7 Nxd7 17. Bg3 Nc5
18. Qg4 $5 {White tries to create weaknesses in Black's camp before Black
completes development.} f5 {[%csl Re6]} (18... Rc8 19. Be5) 19. Qe2 Qc6 20. f3
Rfc8 21. b4 (21. Be5 Nd7) 21... Ne4 {The only move.} (21... Nd7 $2 22. Na2 $1
Nf8 23. b5 $16) 22. Nxe4 (22. Nd5 $2 exd5 23. Bxd5+ Qxd5 24. Rxc8+ Rxc8 25.
Rxd5 Nc3) 22... fxe4 23. fxe4 Kh8 $1 (23... Qxe4 $2 24. Rd4 (24. Bd3 Qd5 25.
Bc7 $5) 24... Qg6 25. Rcd1 $16) 24. Bd5 $6 {The significant simplifications of
the position, ensuing from the text, turn out to be unfavourable for White.} (
24. Qg4 $5 Bg5 (24... b5 $6 25. Bxe6 (25. Qxe6 $2 Bg5 $1 (25... bxc4 26. Qxe7
Re8 27. Qf7 Qxe4 28. Qf2) 26. Qxc6 Rxc6 $19) 25... Qxc1 26. Rxc1 (26. Bxc8 Qxc8
) 26... Rxc1+ 27. Kf2 $16) 25. Bf4 Bxf4 26. Qxf4 Qxe4 (26... b5 27. Bb3 Qxc1
28. Rxc1 Rxc1+ 29. Kf2 Rc3 30. Bxe6 Rxa3 31. Bd5 $16) 27. Qxe4 Bxe4 28. Bxe6
$14 {^-}) 24... Qxc1 (24... Qd7 $2 25. Bc6 $18) 25. Bxb7 Qxa3 26. Bxa8 Rxa8 27.
Qc4 Bxb4 (27... Rf8 $5 28. Qxe6 Qxe3+ 29. Kh1 Bxb4 30. Be5 Qd2 (30... Be1 $2
31. Bxg7+ $16) (30... Qg5 31. Qxb6 Qxe5 32. Qxb4) 31. Qg4 (31. Bxg7+ $2 Kxg7
32. Qe5+ Kg6 33. Qg3+ Qg5 $19) 31... Qg5 32. Qxg5 hxg5 33. g4 Rf7 $17) 28. Qxe6
Qxe3+ 29. Bf2 Qe2 30. Qd5 $2 {The decisive mistake.} ({After} 30. Rf1 Bc5 (
30... Rf8 31. Qxb6) 31. Bxc5 bxc5 32. h3 $15 {White retain chances to rescue
the game.}) 30... Rf8 $19 31. Bxb6 (31. Rf1 Be1) 31... Be1 32. h3 Rf1+ 33. Kh2
Qxd1 (33... Qxd1 34. Qxd1 Bg3+ 35. Kxg3 Rxd1 36. Kf4 Kg8) 0-1

[Event "Buenos Aires Najdorf"]
[Site "Buenos Aires"]
[Date "1995.??.??"]
[Round "3"]
[White "Spangenberg, Hugo"]
[Black "San Segundo Carrillo, Pablo"]
[Result "0-1"]
[WhiteElo "2490"]
[BlackElo "2520"]
[Annotator "Baburin,A"]
[PlyCount "106"]
[EventDate "1995.07.??"]
[EventType "tourn"]
[EventRounds "11"]
[EventCountry "ARG"]
[EventCategory "11"]
[SourceTitle "CBM 049"]
[Source "ChessBase"]
[SourceDate "1995.12.01"]
[SourceVersion "1"]
[SourceVersionDate "1995.12.01"]
[SourceQuality "1"]

1. Nf3 d5 2. d4 Nf6 3. c4 e6 4. Nc3 Be7 5. Bg5 O-O 6. e3 Nbd7 7. Rc1 dxc4 8.
Bxc4 a6 9. a4 c5 10. O-O cxd4 11. exd4 Nb6 12. Bb3 Bd7 13. Ne5 Bc6 14. Qd3 Nfd5
15. Nxc6 {This might not be the best idea - often in such positions the
c6-pawn is not a weakness, but a strength, as it can be protected more easily
than the d4-pawn, which becomes completely fixed.} (15. Bxe7 Qxe7 16. a5 Nb4
17. Qd2) (15. Bd2 $5) 15... bxc6 16. Bc2 g6 17. Bxe7 Qxe7 18. a5 Nb4 19. Qe2
Nd7 20. Qc4 Rfb8 21. Be4 Ra7 22. Rfe1 Qd8 23. Ra1 Nf6 24. Red1 Nbd5 25. Qe2 Rb3
26. Na4 Rb5 27. Bxd5 cxd5 28. Nb6 Rc7 29. Rd3 Ne4 30. f3 Nd6 31. Rc3 Rxc3 32.
bxc3 Nb7 33. Qxb5 axb5 34. a6 Qxb6 35. a7 b4 36. a8=Q+ Kg7 37. Rb1 b3 38. Qa3
Na5 39. Qb4 Qa6 40. Re1 h5 41. h4 Kh7 42. Kh2 Qa7 43. Kh3 Qc7 44. Ra1 Qf4 $1
45. Rxa5 g5 $17 46. g3 g4+ 47. fxg4 hxg4+ 48. Kh2 Qf2+ 49. Kh1 Qf1+ 50. Kh2
Qh3+ 51. Kg1 Qxg3+ 52. Kf1 Qf3+ 53. Ke1 g3 0-1

[Event "Bugojno"]
[Site "Bugojno"]
[Date "1978.03.03"]
[Round "5"]
[White "Gligoric, Svetozar"]
[Black "Ivkov, Borislav"]
[Result "1-0"]
[WhiteElo "2565"]
[BlackElo "2515"]
[Annotator "Bulletin"]
[PlyCount "157"]
[EventDate "1978.02.27"]
[EventType "tourn"]
[EventRounds "15"]
[EventCountry "YUG"]
[EventCategory "14"]
[SourceTitle "MCL"]
[Source "ChessBase"]
[SourceDate "1999.07.01"]
[SourceVersion "1"]
[SourceVersionDate "1999.07.01"]
[SourceQuality "1"]

1. d4 d5 2. c4 e6 3. Nf3 Nf6 4. Nc3 Be7 5. Bg5 O-O 6. e3 Nbd7 7. Rc1 a6 8. cxd5
(8. c5 c6 9. Bd3 b6 10. cxb6 c5 11. O-O c4 12. Bc2 Nxb6 13. Ne5 Bb7 14. f4 $14
{Portisch-Petrosjan, Palma de Mallorca cm 1974}) 8... exd5 9. Bd3 c6 10. O-O
Re8 11. Bb1 (11. Qc2 Nf8 12. Rb1 g6 13. b4 Ne6 14. Bxf6 Bxf6 15. a4 $14) 11...
Nf8 12. Ne5 N6d7 13. Bf4 Nxe5 14. Bxe5 Bd6 15. Bxd6 Qxd6 16. a3 Re7 17. Na4 Be6
18. Nc5 a5 19. Rc3 Rc7 (19... b6 $14) 20. Qb3 Bc8 21. Rd1 Qe7 22. e4 $1 dxe4
23. Bxe4 Ne6 $2 (23... g6) (23... h6) 24. Nxe6 Bxe6 25. Qc2 {/\d5/Bxh7+} Qh4
26. d5 Bg4 27. Re1 Rd8 28. Rce3 {/\Bxh7+!} g6 29. Qc3 Rcc8 30. dxc6 bxc6 31.
Qxa5 $18 Be6 32. Qc3 Rd6 33. g3 Qd8 34. b4 (34. h4) 34... Qb6 35. Rd3 (35. Rc1)
35... Rxd3 36. Qxd3 c5 $1 37. bxc5 Qxc5 38. h4 Qa5 39. Rd1 Rc3 40. Qd8+ Qxd8
41. Rxd8+ Kg7 42. Rd3 Rc4 43. Bf3 h6 $14 44. Kg2 g5 45. hxg5 hxg5 46. Bd1 Bf5
47. Re3 Be4+ 48. Kf1 f5 49. Ke1 Rc1 (49... f4) 50. Kd2 Ra1 51. Rc3 Kf6 (51...
f4) 52. f3 Bd5 53. f4 Be4 54. Be2 gxf4 (54... g4) 55. gxf4 Ke7 56. Bb5 Kd6 57.
a4 Kd5 58. Ke3 Re1+ 59. Be2 Ra1 60. Bc4+ $1 Kd6 61. Bb5 Kd5 (61... Rh1 62. a5
Rh3+ 63. Kd4 Rh4 $13) 62. Bc6+ Kd6 63. Bxe4 Re1+ (63... fxe4 64. Rc4 Re1+ 65.
Kf2 $1 $18) 64. Kd3 Rxe4 (64... fxe4+ 65. Kd4 e3 66. Rxe3 Ra1 67. Ke4 Ke6 68.
Kf3+ Kf6 69. Re4 $18) 65. Rc4 Re1 66. Rb4 Kc6 67. a5 Kc5 (67... Ra1 68. Rb6+
Kc5 69. Re6 Ra3+ 70. Ke2 $18) 68. Rb8 Re4 69. a6 Ra4 70. Rf8 Ra3+ 71. Ke2 Rxa6
72. Rxf5+ Kd4 73. Kf3 Ra8 74. Rb5 Kc4 75. Rg5 Kd4 76. Kg4 Rf8 77. Rg6 Ke4 78.
Re6+ Kd5 79. f5 1-0